| 000 | 00799nam a2200205Ia 4500 | ||
|---|---|---|---|
| 999 |
_c3384 _d3384 |
||
| 003 | OSt | ||
| 005 | 20200622200056.0 | ||
| 008 | 191128t2015 ck a gr 000 j spa d | ||
| 020 | _a9788499984636 | ||
| 040 |
_aCO-JMCR _cCO-JMCR |
||
| 041 | _aspa | ||
| 082 | 0 | 4 |
_aH / _bVEGw |
| 245 | 1 | 0 |
_aWigetta : _bVegetta777 / |
| 250 | _aPrimera edición | ||
| 260 |
_aBogotá : _aEditorial Planeta, _b©2015 |
||
| 300 |
_a190 páginas : _bilustraciones en blanco y negro ; _c23 cm. |
||
| 520 | _aPara Willy y Veggetta, una invasión zombi que fulmina el sitio en el que vives es solo el principio de una gran aventura. Viajes a las profundidades, intensos duelos al amanecer, misteriosas brujas y temibles gigantes… Para salvar a sus amigos y devolver | ||
| 650 | 1 | 4 |
_aHistorieta _95867 |
| 942 |
_2ddc _cBK |
||